| 000 | 01568nam a2200421Ic 4500 | ||
|---|---|---|---|
| 001 | 59498 | ||
| 003 | CO-BoRNBP | ||
| 005 | 20251021204324.0 | ||
| 007 | ta | ||
| 008 | 210809s2008 mx d er 000 0 spa d | ||
| 020 | _a007330526X | ||
| 020 | _a9701066995 | ||
| 020 |
_a9780073305264 _qCD-ROM |
||
| 020 | _a9789701066997 | ||
| 040 |
_aCO-BoRNBP _bspa _erda _cCO-BoRNBP |
||
| 041 | 1 |
_aspa _heng |
|
| 082 | 0 | 4 |
_a519.5 _bR37e _222 |
| 100 |
_aRitchey, Ferris Joseph _eaut _965747 |
||
| 245 | 1 | 0 |
_aEstadística para las ciencias sociales / _cFerris J. Ritchey ; traducción Jorge Humberto Romo Muñoz... [y otros tres] ; revisión técnica Cecilia Balbás. |
| 250 | _aSegunda edición | ||
| 264 | 1 |
_aMéxico : _bMc Graw Hill Interamericana Editores, _c2008 |
|
| 300 |
_axx, 665 páginas : _bilustraciones, gráficas |
||
| 336 |
_atexto _btxt _2rdacontent |
||
| 337 |
_asin mediación _bn _2rdamedia |
||
| 338 |
_avolumen _bnc _2rdacarrier |
||
| 500 | _aIncluye apéndice e índice | ||
| 521 | _aRecomendado para un público adulto | ||
| 534 | _tThe Statistical imagination: elementary statistics for the social sciences | ||
| 650 | 0 | 7 |
_aCiencias sociales _vModelos matemáticos _2lemb _965748 |
| 650 | 0 | 7 |
_aEstadística _2lemb _965749 |
| 650 | 0 | 7 |
_aMuestreo (estadística) _2lemb _924214 |
| 650 | 0 | 7 |
_aEstadística matemática _2LEMB |
| 700 |
_aBalbás, Cecilia _erev _965750 |
||
| 700 |
_aRomo Muñoz, Jorge Humberto _etrl _965751 |
||
| 700 |
_aVelázquez Arellano, Jorge Alberto _etrl _965752 |
||
| 700 |
_aYescas Milanés, Jorge _etrl _965753 |
||
| 942 |
_2ddc _cBK |
||
| 999 |
_c59498 _d59498 |
||